000 01423nam0a22002891 4500
001 rc\2382530
005 20110829184721.2
035 _a(NLR Aleph) 006516483
090 _a6384481
_c6384481
100 _a20110829d1978 |||y0rusy50 ca
101 0 _arus
102 _aRU
105 _aa z |||||
200 1 _aФизиология и патология картико-висцеральных взаимоотношений
_e[Докл. конф. посвящ. 90-летию со дня рождения К.М. Быкова
_fРедкол.: В.Н. Черниговский (отв. ред.) и др.
_gПредисл. В.Н. Черниговского]
210 _aЛенинград
_cНаука. Ленингр. отд-ние
_d1978
215 _a184 с., 2 л. ил.
_cил.
_d22
300 _aВ надзаг.: АН СССР, Отд-ние физиологии
320 _aСписки лит. в конце докл.
606 _aКортико-висцеральные взаимоотношения
_jСборники
_2psbo
702 1 _aБыков
_bК. М.
_gКонстантин Михайлович
_4570
702 1 _aЧерниговский
_bВ. Н.
_gВладимир Николаевич
_4570
712 0 2 _aАН СССР
_bОтделение физиологии
_3RU\NLR\AUTH\8814226
801 0 _aRU
_bNLR
_gpsbo
801 1 _aRU
_bELAR
_2rusmarc
852 _aNLR
_j78-5/3175
942 _cBOOK
980 _aNB